00433nam a2200169Ia 450000500170000000800410001702000280005804000190008604100120010508200110011710000210012824500440014926000280019330000090022165000230023085000100025320220917114343.0140110s9999 xx 000 0 und d a9780330449557cGBP 2.99 aLoreto College aEnglish aFbWAL aWalters, Minette 4aThe chameleon's shadowcMinette Walters aLondonbPan Booksc2007 a527p aFiction in English aLCLIB